000 00296nam a22001337a 4500
008 230328b ||||| |||| 00| 0 eng d
041 _aeng
080 _a573
082 _a573HAA
100 _a16
101 _aEGZAM
245 _aSTATISTICAL METHODS IN HYDROLOGY
_cHAAN.T.CH
942 _2udc
_cBK
999 _c59469
_d59469